000 00518nam a2200145 4500
001 120657
003 ES-MaACL
007 t|
008 070214s1931 fr r ||||1| fre d
100 1 _aPozzi-Escot, Emm.
_993566
245 1 0 _aLeçons Elémentaires de Chimie Analytique /
_cpar Emm. Pozzi-Escot.
_n, . Tome I,
_pAnalyse Qualitative Generale. Fascicule I. Introduction voie sèche, analyse au chalumeau.
260 _aParis :
_bDunod,
_c1931.
300 _aVIII, 90 p. :
_bil. ;
_c25 cm.
852 _aES-MaACL
_jE-3286
999 _c120657
_d120657